000 00961nam a2200229Ii 4500
003 JO-AjNU
008 230605s9999||||xx |||||||||||||| ||und||
017 _a2021/12/6781
020 _a9787-9957-94-770-5
040 _aJO-AjNU
_bara
_erda
_cJO-AjNU
041 _aara
050 1 4 _aBP172.2021
100 3 _aتأليف:السماعين،رلى,
_eauthor
_963729
245 0 0 _aحصن السلام:التجربة الاردنية في الحوار بين اتباع الاديان ونموذج العيش المشترك
250 _aالطبعة الثانية
264 3 1 _aعمان: وزارة الثقافة، 2021
300 _a248ص
_bاصدارات مئوية الدولة الاردنية 2021
336 _atext
_btxt
_2rdacontent
337 _aunmediated
_bn
_2rdamedia
338 _avolume
_bnc
_2rdacarrier
650 4 _aالحوار الاسلامي المسيحي-التسامح الديني-التعايش الاسلامي-الاردن
_963730
999 _aA28923
_c32491
_d32491